Home Print Resources E-Books E-Journals IIMT Lecture Series Library Membership Form Book Recommendation Form Campus Tour Take AdmissionAbout Us Contact Us

Digital Communication (Record no. 16786)

000 -LEADER
fixed length control field 00397nam a2200169Ia 4500
003 - CONTROL NUMBER IDENTIFIER
control field OSt
005 - DATE AND TIME OF LATEST TRANSACTION
control field 20240201153920.0
008 - FIXED-LENGTH DATA ELEMENTS--GENERAL INFORMATION
fixed length control field 170619s9999 xx 000 0 und d
020 ## - INTERNATIONAL STANDARD BOOK NUMBER
International Standard Book Number 9997151205X
040 ## - CATALOGING SOURCE
Transcribing agency IIMT ENGINEERING COLLEGE
100 ## - MAIN ENTRY--PERSONAL NAME
Personal name Haykin- Simon
245 #0 - TITLE STATEMENT
Title Digital Communication
260 ## - PUBLICATION, DISTRIBUTION, ETC.
Name of publisher, distributor, etc. New York : john Wiely
260 ## - PUBLICATION, DISTRIBUTION, ETC.
Date of publication, distribution, etc. 2004
546 ## - LANGUAGE NOTE
Language note ENGLISH
942 ## - ADDED ENTRY ELEMENTS (KOHA)
Source of classification or shelving scheme
Koha item type Book Bank
Holdings
Withdrawn status Lost status Source of classification or shelving scheme Damaged status Not for loan Home library Current library Date acquired Source of acquisition Total Checkouts Barcode Date last seen Date last checked out Uniform Resource Identifier Price effective from Koha item type
          IIMT Engineering College-BTech IIMT Engineering College-BTech 01/14/2005 1 2 06-B-5447 03/10/2018 03/10/2018 EC / EN 07/03/2017 Text-Book- for 7 days
          IIMT Engineering College-BTech IIMT Engineering College-BTech 01/14/2005 1   06-B-5448 06/08/2019   EC / EN 07/03/2017 Text-Book- for 7 days
          IIMT Engineering College-BTech IIMT Engineering College-BTech 01/14/2005 1   06-B-5449 07/03/2017   EC / EN 07/03/2017 Text-Book- for 7 days
          IIMT Engineering College-BTech IIMT Engineering College-BTech 01/14/2005 1   06-B-5450 07/03/2017   EC / EN 07/03/2017 Text-Book- for 7 days
          IIMT Engineering College-BTech IIMT Engineering College-BTech 01/14/2005 1 2 06-B-5451 06/08/2019 02/07/2019 EC / EN 07/03/2017 Book Bank
          IIMT Engineering College-BTech IIMT Engineering College-BTech 01/14/2005 1 1 06-B-5452 06/27/2025 03/07/2025 EC / EN 07/03/2017 Book Bank
          IIMT Engineering College-BTech IIMT Engineering College-BTech 01/14/2005 1   06-B-5453 07/03/2017   EC / EN 07/03/2017 Text-Book- for 7 days
          IIMT Engineering College-BTech IIMT Engineering College-BTech 01/14/2005 1 2 06-B-5454 06/08/2019 02/07/2019 EC / EN 07/03/2017 Book Bank
          IIMT Engineering College-BTech IIMT Engineering College-BTech 01/14/2005 1   06-B-5455 07/03/2017   EC / EN 07/03/2017 Text-Book- for 7 days
          IIMT Engineering College-BTech IIMT Engineering College-BTech 01/14/2005 1   06-B-5456 07/03/2017   EC / EN 07/03/2017 Text-Book- for 7 days
IIMT, Central Library. All Rights Reserved IIMT,UNIVERSITY © 2023
Implemented and Customised by I CLOUDE EMS
You Are OPAC Visitor No
free web counter

Powered by Koha